Music Quiz

Random Music or Bands Quiz

100 Greatest Guitarists Quiz Stats

 Plays Quiz Updated Jun 20, 2018

Support Sporcle.
Go Orange.
Score 0/100 Timer 12:00
14 Plays Today
Rank Guitarist % Correct
1Jimi Hendrix
93.4%
4Keith Richards
84.2%
2Eric Clapton
75.2%
9Duane Allman
73.2%
12Stevie Ray Vaughan
62.7%
21Chet Atkins
61.7%
17Neil Young
59.8%
10Pete Townshend
59.7%
24Angus Young
57.6%
96Bruce Springsteen
52.2%
83Eddie Hazel
48.8%
13Albert King
46.8%
26Brian May
42%
39Steve Cropper
40.8%
3Jimmy Page
40.6%
50Ritchie Blackmore
40.2%
11George Harrison
39.5%
48Jonny Greenwood
38.6%
41Mick Ronson
35.9%
70Jack White
34.2%
14David Gilmour
31.8%
40Tom Morello
30.8%
5Jeff Beck
29.9%
27Bo Diddley
29.8%
18Les Paul
29%
52Clarence White
28%
15Freddy King
27.3%
38The Edge
26.8%
55John Lennon
26.2%
82Nels Cline
26.1%
28Johnny Ramone
25.9%
7Chuck Berry
25.7%
25Tony Iommi
25.6%
45Link Wray
24.5%
Rank Guitarist % Correct
46Jerry Garcia
24.2%
86J Mascis
23.5%
6B.B. King
22.7%
73Kurt Cobain
20.8%
61Dickey Betts
20.8%
85Andy Summers
20.6%
92Dimebag Darrell
18.6%
58Peter Green
18.6%
44Mark Knopfler
18.3%
88Carl Perkins
18.3%
91Dave Davies
17.3%
75Joni Mitchell
16.9%
81Lou Reed
16.5%
59Robbie Robertson
14.7%
78John Fahey
14.4%
100Lindsey Buckingham
13.3%
34Curtis Mayfield
12.9%
23Buddy Guy
12.4%
65Slash
12.3%
36Randy Rhoads
11.6%
30Elmore James
11.3%
93Paul Simon
11.1%
37Mick Taylor
10.9%
42Mike Bloomfield
10.8%
69Richard Thompson
10.6%
8Eddie Van Halen
9.8%
54Joe Walsh
9.1%
87James Hetfield
9.1%
66Leslie West
9%
94Peter Buck
8.8%
72John Frusciante
8.6%
84Joe Perry
8.3%
16Derek Trucks
8.2%
64Duane Eddy
8.2%
Rank Guitarist % Correct
20Carlos Santana
8%
33Prince
7.9%
47Stephen Stills
7.6%
29Scotty Moore
7.5%
97Steve Jones
7.4%
98Alex Lifeson
7.3%
49Muddy Waters
7.3%
51Johnny Marr
7.3%
71Robert Johnson
7.1%
22Frank Zappa
6.8%
32Billy Gibbons
6.6%
99Thurston Moore
6.5%
60Ron Asheton
6.4%
56Albert Collins
6.1%
19James Burton
5.8%
67T-Bone Walker
5.1%
95Roger McGuinn
5.1%
62Robert Fripp
5.1%
76Robby Krieger
4.9%
43Hubert Sumlin
4.8%
74Dick Dale
4.7%
31Ry Cooder
4.5%
89Bonnie Raitt
4.4%
68John McLaughlin
4%
35John Lee Hooker
3.9%
80Buddy Holly
3.5%
79Mike Campbell
3.4%
90Tom Verlaine
3.4%
57Rory Gallagher
3.2%
77Willie Nelson
3%
63Johnny Winter
2.6%
53Otis Rush
2.6%

From the Vault

Historical Events: The Day Before

by Hejman

History 4m
It was a day like any other day...
Remove Ads.
Support Sporcle.
Get the best of Sporcle when you Go Orange. This ad-free experience offers more features, more stats, and more fun while also helping to support Sporcle. Thank you for becoming a member.

Show Comments

Extras

Top Quizzes Today


Score Distribution

Your Account Isn't Verified!

In order to create a playlist on Sporcle, you need to verify the email address you used during registration. Go to your Sporcle Settings to finish the process.

Report this User

Report this user for behavior that violates our Community Guidelines.

Details: